=LDR 00000nam 2200000 4500 =001 INLIS000000000810173 =005 20251106104756 =035 ##$$a 0010-1125000027 =245 ##$$a Terjemah Alfiyah Syarah Ibnu Aqil Jilid 2 /$c Baha’uddin Abdullah Ibnu ‘Aqil =260 ##$$a Bandung : :$b Sinar baru algesindo =082 ##$$a 492.787 =084 ##$$a 492.787 ABD t =020 ##$$a 9789796702411 =008 251106###########################0######